| LEADER |
00787nam0a2200217 450 |
| 001 |
16821712 |
| 010 |
|
|
|a 978-2-7470-3682-5
|b br.
|d 5,2
|
| 100 |
|
|
|a 20120416d2026 u u0frey01 ba
|
| 101 |
0 |
|
|a fre
|
| 102 |
|
|
|a FR
|
| 200 |
0 |
|
|a Je hais la cantine
|f une histoire écrite par Mélanie Edwards
|g illustrée par Marylise Morel - couleurs de Christine Couturier
|
| 207 |
|
1 |
|a
|
| 210 |
|
|
|a [Paris]
|c Bayard Jeunesse
|d DL 2012
|
| 215 |
|
|
|a 1 vol. (45 p.)
|c ill. en coul., couv. ill. en coul.
|d 19 cm
|
| 225 |
1 |
|
|v 26
|
| 461 |
|
0 |
|t C'est la vie Lulu !
|v 26
|
| 700 |
|
0 |
|a Edwards
|b Mélanie
|f 1971-....
|4 70
|
| 702 |
|
0 |
|a Morel
|b Marylise
|4 440
|
| 900 |
|
|
|a Roman enfant
|
| 901 |
|
|
|a Accessible au prêt
|
| 995 |
|
|
|a Bibliothèque
|c Bibliothèque
|f 024015803
|h 024015803
|k E C2 EDW
|o p
|q j
|r az
|e Bibliothèque
|